Jalisco : una invitación a su microhistoria /

Con base en los trabajos de Luis González y González, el autor ofrece una historia local de Jalisco, desde la época prehispánica hasta la segunda mitad del siglo XX.

Сохранить в:
Библиографические подробности
Главный автор: García Oropeza, Guillermo (autor)
Формат:
Язык:испанский
Опубликовано: Guadalajara, México : Banca Promex, 1990, c1990
Предметы:
Метки: Добавить метку
Нет меток, Требуется 1-ая метка записи!

MARC

LEADER 00000nam^a2200000^a^4500
001 000098646
005 20250521000000.0
009 20260310093102.393
037 |a Acervo ITESO - Biblioteca 
041 |a ESP 
082 |a 972. 35  |b GAR 
100 |a García Oropeza, Guillermo  |e (autor) 
245 1 0 |a Jalisco :  |b una invitación a su microhistoria /  |c G. García Oropeza ; presen. de Carlos Magaña Rojas ; pról. de José Rogelio Alvarez. 
264 4 |a Guadalajara, México :  |b Banca Promex,  |c 1990, c1990 
300 |a 94 p. 
336 |a texto  |b txt  |2 rdacontenido 
337 |a sin mediación  |b n  |2 rdamedio 
338 |a volumen  |b nc  |2 rdasoporte 
520 |a Con base en los trabajos de Luis González y González, el autor ofrece una historia local de Jalisco, desde la época prehispánica hasta la segunda mitad del siglo XX. 
649 |a XX 
650 |a Jalisco -  |x Historia 
650 |a México -  |x Historia 
650 |a Microhistoria -  |z Jalisco 
650 |a Microhistoria -  |z México 
910 |a Fondo General 
920 |a Impresos - Libros 
930 |a Reserva Especial 
905 |a 103 
901 |a 0500033627  |b IT1  |c REE  |u 20250521 
902 |a https://opac.biblio.iteso.mx/vufind/Record/000098646